Suomen euroviisukappaleet - Statistics

Yleistilastot
  • Tätä visaa on pelattu 268 kertaa
    95 viimeisimmän päivityksen jälkeen
  • Keskiarvotulos 20 / 59
Vastaustilastot
Vuosi Kappale Esittäjä % Oikein
2025 Ich komme Erika Vikman
94%
2023 Cha Cha Cha Käärijä
93%
2006 Hard Rock Hallelujah Lordi
86%
2024 No Rules Windows95man
74%
2021 Dark Side Blind Channel
69%
2013 Marry Me Krista Siegfrids
66%
2015 Aina mun pitää Pertti Kurikan Nimipäivät
61%
2008 Missä miehet ratsastaa Teräsbetoni
61%
2022 Jezebel The Rasmus
60%
2018 Monsters Saara Aalto
60%
1987 Sata salamaa Vicky Rosti & Boulevard
60%
1994 Bye Bye Baby CatCat
53%
1980 Huilumies Vesa-Matti Loiri
53%
1962 Tipi-tii Marion Rung
53%
1976 Pump pump Fredi & Ystävät
49%
1979 Katson sineen taivaan Katri Helena
46%
2010 Työlki ellää Kuunkuiskaajat
45%
2007 Leave Me Alone Hanna Pakarinen
43%
1984 Hengaillaan Kirka
41%
1982 Nuku pommiin Kojo
41%
2011 Da Da Dam Paradise Oskar
38%
2017 Blackbird Norma John
36%
1985 Eläköön elämä Sonja Lumme
36%
2019 Look Away Darude & Sebastian Rejman
35%
2016 Sing It Away Sandhja
35%
1989 La dolce vita Anneli Saaristo
34%
2014 Something Better Softengine
34%
1973 Tom tom tom Marion Rung
34%
2009 Lose Control Waldo's People
31%
1981 Reggae OK Riki Sorsa
31%
1992 Yamma yamma Pave Maijanen
29%
1998 Aava Edea
28%
2002 Addicted to You Laura Voutilainen
26%
2020 Looking Back Aksel Kankaanranta
26%
2012 När jag blundar Pernilla Karlsson
25%
1977 Lapponia Monica Aspelund
23%
1961 Valoa ikkunassa Laila Kinnunen
23%
1993 Tule luo Katri Helena
21%
1965 Aurinko laskee länteen Viktor Klimenko
19%
1964 Laiskotellen Lasse Mårtensson
19%
2004 Takes 2 to Tango Jari Sillanpää
19%
2005 Why? Geir Rönning
18%
1991 Hullu yö Kaija Kärkinen
16%
1990 Fri? Beat
15%
1983 Fantasiaa Ami Aspelund
14%
1996 Niin kaunis on taivas Jasmine
13%
1975 Viulu-ukko Pihasoittajat
13%
1988 Nauravat silmät muistetaan Boulevard
11%
1966 Playboy Ann-Christine
11%
1967 Varjoon-suojaan Fredi
10%
2000 A Little Bit Nina Åström
9%
1969 Kuin silloin ennen Jarkko ja Laura
9%
1972 Muistathan Päivi Paunu & Kim Floor
6%
1968 Kun kello käy Kristiina Hautala
5%
1974 Älä mene pois Carita Holmström
4%
1978 Anna rakkaudelle tilaisuus Seija Simola
4%
1963 Muistojeni laulu Laila Halme
4%
1986 Päivä kahden ihmisen Kari Kuivalainen
4%
1971 Tie uuteen päivään Markku Aro & Koivistolaiset
1%
Ehtoja vastaavia visoja ei löytynyt
Tulosjakauma
Jokaisen tuloksen saaneiden osuus
Persentiili vastausten määrän mukaan
Tuloshistoriasi
Et ole pelannut tätä visaa sen viimeisimmän päivityksen jälkeen